header

Don Quixote de la Mancha (Record no. 84171)

MARC details
000 -LEADER
fixed length control field 01408nam a2200325Ia 4500
100 1# - MAIN ENTRY--AUTHOR NAME
Personal name Cervantes Saavedra, Miguel de,
245 10 - TITLE STATEMENT
Title Don Quixote de la Mancha
260 ## - PUBLICATION, DISTRIBUTION, ETC. (IMPRINT)
Place of publication Vancouver :
Name of publisher University of British Columbia Press,
Year of publication 1988.
300 ## - PHYSICAL DESCRIPTION
Number of Pages lxxxii, 618 p.
500 ## - GENERAL NOTE
General note Text in Spanish; prefatory material in English.
650 #0 - SUBJECT ADDED ENTRY--TOPICAL TERM
Topical Term Spanish literature.
700 1# - ADDED ENTRY--PERSONAL NAME
Personal name Flores, R. M.
856 40 - ELECTRONIC LOCATION AND ACCESS
Uniform Resource Identifier http://site.ebrary.com/lib/rucke/Doc?id=10141259

No items available.

© 2026 Rongo University
Contact us: librarian | system librarian | Rongo university